000 00964nam a22003017a 4500
001 BR2013005761
003 BR-BrBNA
005 20230928104222.0
007 ta
008 230509b bl.||||| |||| 00| 0 por d
040 _aBR-BrBNA
_bpor
_cBiblioteca Nacional de Agricultura
041 _a(Por)
072 _aA01; E11
090 _ A01 BR2013005761
100 1 _aAlves, A.F.
100 1 _aMoreira, E.
100 1 _aDuqué, G.
100 1 _aBainville, S.
110 1 _aFAO, Brasília, DF (Brasil)
_94523
110 1 _aInstituto Nacional de Colonização e Reforma Agrária, Brasília, DF (Brasil)
245 1 _aAgricultura familiar em áreas de reforma agrária. Estudo de caso na Zona da Mata Paraibana, Região Nordeste
_bProjeto: UFT/BRA/036/BRA Brasil
260 3 _aBrasília, DF (Brasil):
_c1997.
300 _a74 p.
650 _aAGRICULTURA FAMILIAR
650 _aREFORMA AGRÁRIA
909 _a202309
_bLucia
_c55
_dLucia Elande
942 _cBK
999 _c78755
_d78755